000 00944nam a2200241 a 4500
001 44022
003 BD-RjUL
005 20211209053803.0
008 160712s1970 bg ||||| |||| 00| 0 ben d
020 _c: PRs 5.50
035 _a(BD-RjUL)44140
040 _aBD-RjUL
_bben
_cBD-RjUL
041 _aben
082 _a530.11
_223
_bEIA 1970
100 _aআইনস্টাইন, আলবার্ট
_9119500
245 1 0 _aআপেক্ষিকতা /
_cআলবার্ট আইনস্টাইন, অনুবাদ নুরুল হুদা
260 _aঢাকা :
_bবাংলা একাডেমী,
_c১৯৭০
300 _a১৩১ পৃ. ;
_c২২ সেমি.
650 _aআপেক্ষিকতা (পদার্থবিদ্যা)
_9119499
650 _aRelativity (Physics)
_9116965
700 _aহুদা, নুরু্‌ অনুবাদ
_9119501
942 _2ddc
_cBK
_01
999 _c44022
_d44022